|
|
|
|
| LEADER |
01614aam a22003852a 4500 |
| 001 |
000753188 |
| 003 |
CZ BrMZK |
| 005 |
20211105095412.0 |
| 007 |
ta |
| 008 |
041202s1992 xr a er|||||||||||cze d |
| 015 |
|
|
|a cnb000076969
|
| 020 |
|
|
|a 80-900009-6-7
|q (brož.)
|
| 040 |
|
|
|a ABA001
|b cze
|d BOA001
|
| 043 |
|
|
|a e-cz-ce
|
| 045 |
|
|
|a r1x9
|
| 080 |
9 |
|
|a 885.0
|2 undef
|
| 080 |
9 |
|
|a 398
|2 undef
|
| 080 |
9 |
|
|a 908.437.1
|2 undef
|
| 100 |
1 |
|
|a Tříška, Josef,
|d 1922-2005
|7 jk01140305
|4 aut
|
| 245 |
1 |
0 |
|a Kostelec nad Orlicí a Kostelecko :
|b sborník prací z dějin a současnosti.
|n Díl 1,
|p Z kulturní a literární historie Kostelce nad Orlicí /
|c Josef Tříška ... [aj.] ; obálka a ilustr. Jiří Růžička ; fotogr. Josef Ouřada ... [aj.] ; graf. úprava Jan Martinec, J. Růžička
|
| 246 |
3 |
0 |
|a Z kulturní a literární historie Kostelce nad Orlicí
|
| 250 |
|
|
|a 1. vyd.
|
| 260 |
|
|
|a Kostelec nad Orlicí :
|b Městský úřad,
|c 1992
|e (Kostelec nad Orlicí :
|f AG TYP)
|
| 300 |
|
|
|a 90 s. :
|b obr., fotogr. ;
|c 20 cm
|
| 500 |
|
|
|a Zkratky
|
| 500 |
|
|
|a Bibliogr
|
| 651 |
|
7 |
|a Kostelec nad Orlicí (Česko : oblast)
|7 ge129645
|2 czenas
|
| 651 |
|
7 |
|a Kostelec nad Orlicí (Česko)
|7 ge129644
|2 czenas
|
| 653 |
0 |
|
|a lidové pověsti
|a literární tradice
|a vlastivěda
|a česká literatura
|
| 655 |
|
7 |
|a sborníky
|7 fd163935
|2 czenas
|
| 700 |
1 |
|
|a Martinec, Jan,
|d 1954-
|7 jn99240000684
|4 art
|
| 700 |
1 |
|
|a Růžička, Jiří
|7 jx20040610010
|4 ill
|4 art
|
| 910 |
|
|
|a BOA001
|b 2-0989.240
|k k
|
| 990 |
|
|
|a BK
|
| 996 |
6 |
|
|b 2619219197
|c 2-0989.240
|l MZK
|r Sklad / do 1 hodiny
|n 8
|w 000753188
|u 000010
|a 1
|e BOA001
|j MZK50
|s P
|